1036 1518 1307 1387 1841 1303 1586 1543 1277 1441 1652 1125 1254 1185 1879 1052 1453 1715 1760 1701 1561 1050 1884 1103 1729 1563 1878 1448 1822 1277 1129 1617 1900 1343 1433 1260 1047 1139 1905 1091 1788 1013 1341 1798 1095 1865 1404 1808 1812 1963 1194 1237 1533 1172 1620 1070 1917 1073 1546 1422 1946 1866 1767 1652 1823 1823 1838 1258 1437 1809 1694 1465 1964 1870 1410 1149 1577 1704 1688 1922 1971 1527 1804 1179 1216 1297 1867 1522 1301 1338 1683 1066 1503 1604 1126 1701 1270 1906 1013 BCNSPRNW ULIB Ver.6.0+V

เปลี่ยนเป็นภาษาไทย

Change to English
 แสดงรายละเอียดบรรณานุกรม
  กลับหน้าหลัก

Brief Record : Get Marc (ISO 2709) : E-mail record : QR code < ปิดหน้าต่าง
LEADER : 00000nam 2200000uu 4500
001    13399126468
003     ULIB
008    180918s2560||||th 000 0 tha d
020    ^a9786160437832
050 ^a ^aLC94.T5 ^bย626ฝ
100 ^a ^aยะมะซะกิ, อะกะชิ
245 ^a ^aฝึกคิดเป็นเหตุเป็นผล / ^cAkashi Yamazaki, เขียน ; อังคณา รัตนจันทร์, แปล
250 ^a ^aพิมพ์ครั้งที่ 1
260 ^a ^aกรุงเทพฯ : ^bนานมีบุ๊คส์, ^c2560
300 ^a ^a128 หน้า : ^bภาพประกอบ
440 ^a ^aทักษะการทำงาน ฝึกได้ตั้งแต่วัยเรียน
650 ^a ^aการคิดและความคิด
700 ^a อังคณา รัตนจันทร์, ^eผู้แปล
945    ^p245^l0^i26683
999    ^aกัณชพร จุลอักษร
รายการนี้ยังไม่มีแท็ก
คุณยังไม่ได้ล็อกอิน คุณสามารถมีกิจกรรมร่วมกับเว็บไซต์ได้ แต่ต้องล็อกอินก่อน ::
  ล็อกอิน

รายการสื่อสารสนเทศ

ลำดับที่ ประเภท เลขเรียก/บาร์โค้ด สถานที่ สถานะ
1. วิทยาศาสตร์การแพทย์ และสุขภาพ
วิทยาศาสตร์การแพทย์ และสุขภาพ
LC94.T5 ย626ฝ ฉ.1 
  Barcode: 26683
ห้องสมุดวิทยาเขตนครสวรรค์
►หนังสือทั่วไป:l:General Books
บนชั้น

รายการใกล้เคียง
    ผู้แต่ง [ยะมะซะกิ, อะกะชิ]

    หัวเรื่อง [การคิดและความคิด]

BibComment


ยังไม่เคยถูกคอมเมนท์

คอมเมนท์ทรัพยากรรายการนี้
  คอมเมนท์: ฝึกคิดเป็นเหตุเป..


 Copyright 2026. Bcnsprnw @Library